000 02308nam0a2200409 i 4500
001 RU\NLR\BIBL_A\011181055
005 20260408154832.0
010 _a9785443704807
_9100
021 _aRU
_b2016-53617
_93413
035 _a(NILC)LIBNET\0000668255
035 _aRU\NSU\books\176312
035 _a(NLR Aleph) 011181055
090 _a11819947
_c11819947
100 _a20160725d2016 u y0rusy50 ca
101 0 _arus
102 _aRU
105 _ay|||z|||000ye
200 1 _aРусская философия: Владимир Соловьёв, Николай Бердяев
_eучебное пособие
_e[для студентов философских специальностей вузов]
_fЮ.И. Наберухин
_gМ-во образования и науки РФ, Новосиб. нац. исслед. гос. ун-т, Филос. фак.
210 _aНовосибирск
_cРедакционно-издательский центр НГУ
_d2016
215 _a132 с.
_d20
320 _aБиблиогр. в подстроч. примеч.
600 1 _aСоловьев
_bВ.С.
_f1853 - 1900
_gВладимир Сергеевич
_jУчебные издания для высших учебных заведений
_91657428
_3RU\NLR\AUTH\661032835
600 1 _aБердяев
_gНиколай Александрович
_bН.А.
_f1874 - 1948
_jУчебные издания для высших учебных заведений
_3RU\NLR\AUTH\66132116
_91134924
686 _aЮ3(2)61-07я73-1
_vLBC/M
_2rubbk
686 _aЮ3(2)522-685я73-1
_vLBC/M
_2rubbk
686 1 _aЮ 3(2)51-578.4я73
686 1 _aЮ3(2)6-663я73
700 1 _aНаберухин
_bЮ.И.
_gЮрий Исаевич
702 1 _4570
_8rus
_7ca
_aСоловьев
_bВ. С.
_cфилософ, поэт
_f1853-1900
_gВладимир Сергеевич
_3RU\NLR\AUTH\777693
_9117625
702 1 _4570
_8rus
_7ca
_aБердяев
_bН. А.
_f1874-1948
_gНиколай Александрович
_3RU\NLR\auth\773385
_9113381
801 0 _aRU
_bНБ Новосибирского ГУ
_c20160530
801 1 _aRU
_bНБ Новосибирского ГУ
_c20160603
_gRCR
801 2 _aRU
_bНБ Новосибирского ГУ
_c20160603
_2rusmarc
942 _cBOOK
980 _aNBR